00773cam a22002177a 4500003000500000005001700005008004100022010001000063011001000073035001000083040000900093100004300102245015900145260004100304300001000345502010900355650003400464650002700498650001600525650001400541CHAP20220329141828.0971124d1997 mx r 00110 spa d a74485 a75457 a85021 cCHAP00aMartínez Valentín, Librado Amador.10aControl químico de maleza en haba (Vicia faba L.) cultivada en dos sistemas de labranza en Chapingo, Méxicoc/por Librado Amador Martínez Valentín aChapingo, Méx. :bEl autor,c1997. a57 h. aTesis (Ing. Agr. Esp. en Parasitología Agrícola) -- UACH. Departamento de Parasitología Agrícola14aHabaxMalas hierbasxControl.14aHabazMéxico (Edo.).14aHerbicidas.24aLabranza.